00518 2200205 4500001002100000005001700021008004100038035002400079082001200103090001700115100002200132245004100154250001100195260003300206300002500239850001200264980001500276985000600291999001500297YOGYA-0209000005342920090227033139.0 ind  0010-020900000053429 a796.342 a796.342bRab aKING, Billie Jean aRahasia sang juaracBillie Jean King aCet. 3 aSemarangbDahara Prizec1991 a120 hlmbilusc20 cm aYOPDYOG a04-01-2008 a1 a97P0101912